[Event "Dimitrov IM-A"]
[Site "Dimitrov"]
[Date "2007.07.25"]
[Round "6"]
[White "Bezgodova, Svetlana"]
[Black "Paveliev, Alexey"]
[Result "1/2-1/2"]
[WhiteElo "2266"]
[BlackElo "2405"]
[PlyCount "110"]
[EventDate "2007.07.07"]
[EventType "tourn"]
[EventRounds "19"]
[EventCountry "RUS"]
[EventCategory "1"]
[SourceTitle "CBM 119 Extra"]
[Source "ChessBase"]
[SourceDate "2007.09.04"]
[SourceVersion "1"]
[SourceVersionDate "2007.09.04"]
[SourceQuality "1"]

1. Nf3 d5 2. g3 c6 3. Bg2 Bg4 4. c4 dxc4 5. Na3 Nd7 6. Nxc4 Ngf6 7. 0-0 e6 8. d3 Be7 9. Bd2 0-0 10. Rc1 Nd5 11. a3 Bf6 12. Qc2 Rc8 13. Rfd1 Qc7 14. e4 N5b6 15. Bf4 e5 16. Be3 Rfd8 17. h3 Be6 18. Ncd2 Nf8 19. b4 Nbd7 20. Nb3 b6 21. d4 Qb8 22. dxe5 Nxe5 23. Nxe5 Bxe5 24. f4 Bf6 25. e5 Be7 26. Nd4 Bd5 27. Nf5 Ng6 28. h4 Bxg2 29. Qxg2 Rxd1+ 30. Rxd1 Qb7 31. Qh3 h5 32. g4 Rd8 33. Rxd8+ Bxd8 34. gxh5 Ne7 35. Nd6 Qa6 36. Qd7 Qe2 37. Qxd8+ Kh7 38. Qxe7 Qxe3+ 39. Kg2 Qe2+ 40. Kg3 Qe3+ 41. Kg4 Qe2+ 42. Kf5 Qd3+ 43. Kg4 Qe2+ 44. Kg5 Qg2+ 45. Kf5 Qh3+ 46. Ke4 Qg2+ 47. Ke3 Qg1+ 48. Ke2 Qg2+ 49. Ke1 Qg1+ 50. Ke2 Qg2+ 51. Kd3 Qf1+ 52. Ke3 Qe1+ 53. Kf3 Qf1+ 54. Ke4 Qe2+ 55. Kf5 Qd3+ 1/2-1/2

[Event "Dimitrov IM-A"]
[Site "Dimitrov"]
[Date "2007.07.25"]
[Round "7"]
[White "Paveliev, Alexey"]
[Black "Kavalenia, Leonid"]
[Result "1/2-1/2"]
[WhiteElo "2405"]
[BlackElo "2289"]
[PlyCount "102"]
[EventDate "2007.07.07"]
[EventType "tourn"]
[EventRounds "19"]
[EventCountry "RUS"]
[EventCategory "1"]
[SourceTitle "CBM 119 Extra"]
[Source "ChessBase"]
[SourceDate "2007.09.04"]
[SourceVersion "1"]
[SourceVersionDate "2007.09.04"]
[SourceQuality "1"]

1. e4 e6 2. d4 d5 3. Nc3 Bb4 4. Nge2 dxe4 5. a3 Bxc3+ 6. Nxc3 f5 7. f3 exf3 8. Qxf3 Nf6 9. Bf4 0-0 10. 0-0-0 Nbd7 11. Kb1 Nb6 12. Be2 Nbd5 13. Be5 Rf7 14. h3 Bd7 15. Nxd5 exd5 16. Qf4 Rc8 17. h4 Ng4 18. c4 Be6 19. Bf3 c6 20. Rhe1 Qd7 21. c5 Nxe5 22. Rxe5 Rf6 23. Rde1 b6 24. R5e2 Rd8 25. Rc1 Bf7 26. Rce1 Be6 27. Qc1 f4 28. Ka2 bxc5 29. Qxc5 Rb8 30. Re5 Qb7 31. b4 Qd7 32. Rc1 Rb6 33. a4 Qb7 34. Ka3 Bf7 35. Re7 Qb8 36. Rce1 a6 37. Rd7 Rb7 38. Rxb7 Qxb7 39. Re7 Qc8 40. Qa7 Qf8 41. a5 Bg6 42. Qc7 h6 43. Qe5 Kh7 44. h5 Bd3 45. Bg4 Be4 46. Bf3 Bd3 47. Kb3 Rf5 48. Qe6 Qf6 49. Kc3 Qxe6 50. Rxe6 Bb5 51. Bd1 Kg8 1/2-1/2

[Event "Dimitrov IM-A"]
[Site "Dimitrov"]
[Date "2007.07.23"]
[Round "2"]
[White "Paveliev, Alexey"]
[Black "Savina, Anastasia"]
[Result "1-0"]
[WhiteElo "2405"]
[BlackElo "2209"]
[PlyCount "123"]
[EventDate "2007.07.07"]
[EventType "tourn"]
[EventRounds "19"]
[EventCountry "RUS"]
[EventCategory "1"]
[SourceTitle "CBM 119 Extra"]
[Source "ChessBase"]
[SourceDate "2007.09.04"]
[SourceVersion "1"]
[SourceVersionDate "2007.09.04"]
[SourceQuality "1"]

1. e4 c5 2. Nf3 Nc6 3. Nc3 e5 4. Bc4 Be7 5. d3 d6 6. 0-0 Nf6 7. Ng5 0-0 8. f4 Bg4 9. Qd2 h6 10. Nf3 Bxf3 11. Rxf3 Nd4 12. Rf1 exf4 13. Rxf4 Nd7 14. Rf1 Ne5 15. Qf2 Nxc4 16. dxc4 f5 17. Be3 fxe4 18. Qd2 Bf6 19. Nxe4 Be5 20. Rxf8+ Qxf8 21. c3 Nc6 22. Qd3 Qe7 23. Bf2 Rf8 24. Re1 Bxh2+ 25. Kxh2 Rxf2 26. Qg3 Rf5 27. Nxc5 Ne5 28. Nd3 Rg5 29. Qh3 Qf7 30. Nxe5 dxe5 31. Qc8+ Kh7 32. Qc5 Qf4+ 33. Kg1 Rh5 34. Qd5 Qh2+ 35. Kf1 Rf5+ 36. Ke2 Qh5+ 37. Kd3 Qg4 38. Re2 Qg3+ 39. Kc2 Rf2 40. Qe4+ Kh8 41. Kd2 Qg5+ 42. Kd3 Rxe2 43. Kxe2 b6 44. b4 Qg3 45. Kd2 h5 46. Qe2 Qf4+ 47. Kd3 Qf5+ 48. Qe4 Qf1+ 49. Kc2 Qa1 50. Qa8+ Kh7 51. Qxa7 e4 52. Qa8 Qe1 53. Qd5 e3 54. Qxh5+ Kg8 55. Qd5+ Kh8 56. Qd8+ Kh7 57. Qd1 Qf2+ 58. Kd3 Qxg2 59. Qh5+ Kg8 60. Qe8+ Kh7 61. Qh5+ Kg8 62. Qd5+ 1-0

[Event "Moscow op 03rd"]
[Site "Moscow"]
[Date "2007.02.04"]
[Round "9"]
[White "Nechaeva, Marina"]
[Black "Paveliev, Alexey"]
[Result "0-1"]
[WhiteElo "2305"]
[BlackElo "2418"]
[PlyCount "116"]
[EventDate "2007.01.27"]
[EventType "swiss"]
[EventRounds "9"]
[EventCountry "RUS"]
[SourceTitle "CBM 116 Extra"]
[Source "ChessBase"]
[SourceDate "2007.03.07"]
[SourceVersion "1"]
[SourceVersionDate "2007.03.07"]
[SourceQuality "1"]

1. d4 d5 2. c4 e6 3. Nc3 Nf6 4. Nf3 Bb4 5. Bg5 h6 6. Bxf6 Qxf6 7. e3 0-0 8. Rc1 Nd7 9. cxd5 exd5 10. a3 Bxc3+ 11. Rxc3 c6 12. Be2 Nb6 13. 0-0 Bf5 14. Ne5 Qd6 15. b4 a5 16. Rb3 axb4 17. Rxb4 Nd7 18. Nxd7 Qxd7 19. Qb3 Ra7 20. Rc1 Rfa8 21. a4 Qe7 22. Rb6 Bc8 23. Ra1 Qc7 24. Bd1 c5 25. dxc5 Qxc5 26. Qb2 Qe7 27. h3 Bf5 28. Rc1 Be4 29. Qd4 Ra6 30. Rxa6 Rxa6 31. Rc5 Rg6 32. f3 Qh4 33. Kf1 Qg3 34. fxe4 Qxg2+ 35. Ke1 Rf6 36. Be2 Rf2 37. Qd3 dxe4 38. Qc4 Rf6 39. Qd4 Rf2 40. Qc4 Rf6 41. Kd2 Kh7 42. h4 Qh1 43. h5 Rd6+ 44. Kc2 Qg2 45. Kc3 Qh1 46. Qxf7 Qc1+ 47. Kb4 Qb2+ 48. Qb3 Qxe2 49. Rb5 Rd3 50. Qf7 Qd2+ 51. Kc5 Qxe3+ 52. Kb4 Qd2+ 53. Kc5 Qe3+ 54. Kb4 Rd4+ 55. Ka5 Qc3+ 56. Kb6 Qc6+ 57. Ka7 Rxa4+ 58. Kb8 Qxb5 0-1

[Event "Moscow op 03rd"]
[Site "Moscow"]
[Date "2007.02.03"]
[Round "8"]
[White "Paveliev, Alexey"]
[Black "Tjurin, Alexander P"]
[Result "1-0"]
[WhiteElo "2418"]
[BlackElo "2344"]
[PlyCount "113"]
[EventDate "2007.01.27"]
[EventType "swiss"]
[EventRounds "9"]
[EventCountry "RUS"]
[SourceTitle "CBM 116 Extra"]
[Source "ChessBase"]
[SourceDate "2007.03.07"]
[SourceVersion "1"]
[SourceVersionDate "2007.03.07"]
[SourceQuality "1"]

1. e4 e5 2. Bc4 Nf6 3. d3 c6 4. Nf3 d5 5. Bb3 Bd6 6. Bg5 Be6 7. Nc3 Qa5 8. 0-0 Nbd7 9. Bd2 Qc7 10. exd5 Bxd5 11. Bxd5 Nxd5 12. Ng5 0-0 13. Qf3 h6 14. Nge4 f5 15. Ng3 Ne7 16. Rae1 Rae8 17. Nh5 Kh7 18. Qh3 Ng8 19. f4 g6 20. fxe5 Nxe5 21. Nf4 Qd7 22. Kh1 Ng4 23. Rxe8 Rxe8 24. Qf3 N8f6 25. h3 Ne5 26. Qf2 b6 27. Qh4 Qg7 28. Nfe2 Rf8 29. Nd4 Nh5 30. Ne6 Qd7 31. Nxf8+ Bxf8 32. Ne2 Bg7 33. Bc3 Qd6 34. Nf4 Nf6 35. Qe1 Nfd7 36. d4 Nc4 37. Qe6 Nf6 38. Qxd6 Nxd6 39. Kg1 Nfe4 40. Rd1 Nb5 41. Ne2 Nc7 42. Be1 Nd5 43. Rd3 a5 44. c4 Nc7 45. d5 cxd5 46. cxd5 Nc5 47. Rd1 Nd7 48. Bc3 Bf8 49. Nf4 Nb5 50. Ne6 Be7 51. a4 Nd6 52. Nd4 Nc4 53. Nb5 Bc5+ 54. Bd4 Kg8 55. Bxc5 Nxc5 56. Nc3 Kf7 57. Re1 1-0

[Event "Moscow op 03rd"]
[Site "Moscow"]
[Date "2007.02.01"]
[Round "6"]
[White "Paveliev, Alexey"]
[Black "Moskalenko, Alexander"]
[Result "1-0"]
[WhiteElo "2418"]
[BlackElo "2352"]
[PlyCount "93"]
[EventDate "2007.01.27"]
[EventType "swiss"]
[EventRounds "9"]
[EventCountry "RUS"]
[SourceTitle "CBM 116 Extra"]
[Source "ChessBase"]
[SourceDate "2007.03.07"]
[SourceVersion "1"]
[SourceVersionDate "2007.03.07"]
[SourceQuality "1"]

1. e4 c5 2. Nf3 Nc6 3. Nc3 g6 4. d4 cxd4 5. Nxd4 Bg7 6. Nb3 Nf6 7. Be2 0-0 8. 0-0 d6 9. Bg5 b6 10. f4 Bb7 11. Bf3 b5 12. Kh1 h6 13. Bh4 Nd7 14. Nxb5 Bxb2 15. Rb1 Bg7 16. Nxd6 Ba6 17. Be2 Bxe2 18. Qxe2 Qb6 19. Nb5 a6 20. Na3 Rfc8 21. Rfd1 Qc7 22. e5 Nf8 23. Nc4 Ne6 24. Bg3 a5 25. c3 h5 26. Ne3 a4 27. Nd4 Qa5 28. f5 Nf8 29. Nxc6 Rxc6 30. Nd5 Re8 31. Rb8 Rxb8 32. Nxe7+ Kh7 33. Nxc6 Qb5 34. Qf3 Rb6 35. Ne7 Qc4 36. e6 Qxa2 37. Nd5 Rb1 38. e7 Qb3 39. Ne3 a3 40. e8Q a2 41. Qea8 Bxc3 42. fxg6+ fxg6 43. Qa7+ Bg7 44. Be5 Ne6 45. h3 Kh6 46. Bxg7+ Nxg7 47. Ng4+ 1-0

[Event "Moscow op 03rd"]
[Site "Moscow"]
[Date "2007.01.28"]
[Round "2"]
[White "Paveliev, Alexey"]
[Black "Belov, Vladimir"]
[Result "1/2-1/2"]
[WhiteElo "2418"]
[BlackElo "2600"]
[PlyCount "138"]
[EventDate "2007.01.27"]
[EventType "swiss"]
[EventRounds "9"]
[EventCountry "RUS"]
[SourceTitle "CBM 116 Extra"]
[Source "ChessBase"]
[SourceDate "2007.03.07"]
[SourceVersion "1"]
[SourceVersionDate "2007.03.07"]
[SourceQuality "1"]

1. e4 c5 2. Nf3 e6 3. Nc3 d6 4. g3 Nf6 5. d4 cxd4 6. Nxd4 Nc6 7. Bg2 Bd7 8. 0-0 Be7 9. Nce2 Nxd4 10. Nxd4 Rc8 11. a4 0-0 12. Nb5 e5 13. h3 Rc6 14. b3 a6 15. Na3 Rc8 16. c4 Bc6 17. Re1 Nd7 18. Nc2 Nc5 19. Nb4 Qb6 20. Bd2 a5 21. Nxc6 bxc6 22. Rb1 Qa7 23. Be3 Rb8 24. h4 Rb4 25. h5 h6 26. Bh3 Qb6 27. Bf5 Rb8 28. Kg2 Rd8 29. Qg4 Kh8 30. Qf3 Qa7 31. Qd1 Bg5 32. Bxc5 Qxc5 33. Qd3 Rdb8 34. Red1 Be7 35. Kf1 Qb6 36. Kg2 Kg8 37. Qc3 Qc5 38. Qd3 Kf8 39. Qf3 Bd8 40. Rd3 Kg8 41. Rbd1 Be7 42. Rc3 R4b7 43. Rdd3 Bd8 44. Rc2 Bc7 45. Rcd2 Qa3 46. Bd7 Qc5 47. Qe3 Qxe3 48. fxe3 Rb6 49. c5 dxc5 50. Bf5 Rxb3 51. Rd7 Rb2 52. Rxb2 Rxb2+ 53. Kf3 Rb7 54. Rd3 c4 55. Rc3 Rb4 56. Bd7 Rxa4 57. Bxc6 Rb4 58. Bd5 Kf8 59. Bxc4 Bd6 60. Bd5 Ke7 61. Rc6 Rb8 62. Ra6 Bc7 63. Ra7 Kd7 64. Ke2 Rb2+ 65. Kf3 Rb1 66. Ra8 Bd8 67. Ra7+ Bc7 68. Ra8 g6 69. Rf8 gxh5 1/2-1/2

[Event "Moscow op 03rd"]
[Site "Moscow"]
[Date "2007.01.27"]
[Round "1"]
[White "Babushkin, Eduard"]
[Black "Paveliev, Alexey"]
[Result "0-1"]
[WhiteElo "2170"]
[BlackElo "2418"]
[PlyCount "72"]
[EventDate "2007.01.27"]
[EventType "swiss"]
[EventRounds "9"]
[EventCountry "RUS"]
[SourceTitle "CBM 116 Extra"]
[Source "ChessBase"]
[SourceDate "2007.03.07"]
[SourceVersion "1"]
[SourceVersionDate "2007.03.07"]
[SourceQuality "1"]

1. d4 d5 2. c4 Bf5 3. Nc3 e6 4. cxd5 exd5 5. Bf4 c6 6. Nf3 Nf6 7. e3 Qb6 8. Bd3 Qxb2 9. 0-0 Bxd3 10. Qxd3 Bb4 11. Na4 Qa3 12. Qc2 Nbd7 13. Rab1 0-0 14. Qb3 Qxb3 15. Rxb3 a5 16. a3 b5 17. Nb2 Be7 18. Rc1 Rfc8 19. Nd3 Nb6 20. Nfe5 Nc4 21. a4 Ne4 22. axb5 a4 23. Rbb1 cxb5 24. Rxb5 f6 25. Nxc4 dxc4 26. Nb4 Bxb4 27. Rxb4 a3 28. Ra1 g5 29. f3 Nd2 30. Bd6 Nb3 31. Ra2 Nc1 32. Ra1 Nd3 33. Rb5 a2 34. Bc5 c3 35. Rb3 Rab8 36. Bb6 c2 0-1

[Event "Ashdod op"]
[Site "Ashdod"]
[Date "2006.09.18"]
[Round "8"]
[White "Bitensky, Igor"]
[Black "Paveliev, Alexey"]
[Result "1/2-1/2"]
[WhiteElo "2366"]
[BlackElo "2403"]
[PlyCount "90"]
[EventDate "2006.09.11"]
[EventType "swiss"]
[EventRounds "9"]
[EventCountry "ISR"]
[SourceTitle "CBM 114 Extra"]
[Source "ChessBase"]
[SourceDate "2006.11.03"]
[SourceVersion "1"]
[SourceVersionDate "2006.11.03"]
[SourceQuality "1"]

1. Nf3 d5 2. g3 Nf6 3. Bg2 Bg4 4. 0-0 Nbd7 5. d3 e5 6. Nbd2 h6 7. e4 dxe4 8. dxe4 Bc5 9. Qe2 0-0 10. h3 Be6 11. Nc4 Bxc4 12. Qxc4 c6 13. a4 Qe7 14. Nh4 Nb6 15. Qb3 Rfe8 16. a5 Nc8 17. Nf5 Qc7 18. Qf3 Re6 19. h4 Nd6 20. Ra4 Nxf5 21. exf5 Re7 22. Qc3 Bd6 23. a6 e4 24. axb7 Qxb7 25. Rc4 Rae8 26. Be3 Nd5 27. Qd2 Re5 28. f6 Nxe3 29. Qxe3 Qb5 30. Rxe4 Qxb2 31. fxg7 Rxe4 32. Bxe4 Qxg7 33. Re1 Kf8 34. Kg2 a5 35. Qd2 Bb4 36. Bxc6 Rb8 37. Qf4 Rc8 38. Qc7 Qg4 39. Qd7 Qxd7 40. Bxd7 Rxc2 41. Re8+ Kg7 42. Bb5 Rc5 43. Ba4 Rc3 44. Re3 Rc1 45. Bb3 Rc3 1/2-1/2